The calculation of surveyors' fees relating to the exercise of statutory powers in connection with land and property (Record no. 115251)
[ view plain ]
| 000 -LEADER | |
|---|---|
| fixed length control field | 01376cad a2200241 4500 |
| 001 - CONTROL NUMBER | |
| control field | L158294 |
| 008 - FIXED-LENGTH DATA ELEMENTS--GENERAL INFORMATION | |
| fixed length control field | 031203n2014 000 0 eng u |
| 020 ## - INTERNATIONAL STANDARD BOOK NUMBER | |
| International Standard Book Number | 9781783210572 |
| 035 ## - SYSTEM CONTROL NUMBER | |
| System control number | (Sirsi) u158294 |
| 041 0# - LANGUAGE CODE | |
| Language code of text/sound track or separate title | eng |
| 050 04 - LIBRARY OF CONGRESS CALL NUMBER | |
| Classification number | 711.14 $2 18 |
| 110 2# - MAIN ENTRY--CORPORATE NAME | |
| Corporate name or jurisdiction name as entry element | Royal Institution of Chartered Surveyors |
| 9 (RLIN) | 4900 |
| 245 04 - TITLE STATEMENT | |
| Title | The calculation of surveyors' fees relating to the exercise of statutory powers in connection with land and property |
| Medium | [electronic resource] |
| 260 ## - PUBLICATION, DISTRIBUTION, ETC. | |
| Place of publication, distribution, etc. | London |
| Name of publisher, distributor, etc. | RICS |
| Date of publication, distribution, etc. | 2014 |
| 490 #0 - SERIES STATEMENT | |
| Series statement | RICS Guidance Note |
| 520 ## - SUMMARY, ETC. | |
| Summary, etc. | Offers updated guidance to RICS members working in Scotland on the options now available regarding the agreement of an appropriate basis of charge. Until the issue of this guidance note, Ryde?s Scale has been used in Scotland as the main basis for the calculation of appropriate reimbursement to a claimant by an acquiring authority for the surveyor?s fee incurred in respect of handling a claim for compensation following the use of compulsory purchase order (CPO) powers. Effective from 1 May 2014 |
| 650 24 - SUBJECT ADDED ENTRY--TOPICAL TERM | |
| Topical term or geographic name entry element | RYDE'S SCALE |
| 650 24 - SUBJECT ADDED ENTRY--TOPICAL TERM | |
| Topical term or geographic name entry element | Compulsory purchase |
| 9 (RLIN) | 6228 |
| 651 #4 - SUBJECT ADDED ENTRY--GEOGRAPHIC NAME | |
| Geographic name | Scotland |
| 690 ## - LOCAL SUBJECT ADDED ENTRY--TOPICAL TERM (OCLC, RLIN) | |
| Topical term or geographic name as entry element | Planning and development |
| 9 (RLIN) | 6259 |
| 856 41 - ELECTRONIC LOCATION AND ACCESS | |
| Uniform Resource Identifier | <a href="https://www.rics.org/Global/Calculation_of_surveyors_fees_Scotland_1st_edition_PGguidance_2014.pdf">https://www.rics.org/Global/Calculation_of_surveyors_fees_Scotland_1st_edition_PGguidance_2014.pdf</a> |
| Public note | View this item (member-only access) at www.rics.org |
| 942 ## - ADDED ENTRY ELEMENTS (KOHA) | |
| Suppress in OPAC | 0 |
| Withdrawn status | Lost status | Source of classification or shelving scheme | Damaged status | Not for loan | Home library | Current library | Shelving location | Date acquired | Total Checkouts | Full call number | Barcode | Date last seen | Copy number | Price effective from | Koha item type |
|---|---|---|---|---|---|---|---|---|---|---|---|---|---|---|---|
| Dewey Decimal Classification | Virtual | Virtual | Online | 28/11/2014 | ONLINE PUBLICATION | 158294-2001 | 06/08/2019 | 1 | 06/08/2019 | Book |